Deutsches Buchstabieralphabet - Statistiken

Allgemein
  • Dieses Quiz wurde 193 mal gespielt
    58 seit der letzten Aktualisierung
  • Das Durchschnittsergebnis liegt bei 19 aus 31
Antwortstatistiken
Buchstabe Wort % Korrekt
A Anton
87%
B Berta
84%
E Emil
77%
G Gustav
77%
I Ida
77%
C Cäsar
74%
D Dora
74%
F Friedrich
74%
H Heinrich
71%
N Nordpol
71%
O Otto
68%
R Richard
65%
L Ludwig
61%
M Martha
61%
T Theodor
61%
Ä Ärger
58%
J Julius
58%
U Ulrich
58%
V Viktor
58%
W Willhelm
58%
P Paula
55%
Ch Charlotte
52%
Q Quelle
52%
K Kaufmann
48%
Sch Schule
48%
X Xanthippe
48%
Y Ypsilon
48%
Ö Ökonom
45%
Ü Übermut
42%
Z Zacharias
42%
S Samuel
39%
Keine übereinstimmenden Quizze gefunden
Verteilung der Resultate
Anzahl Personen mit jedem Resultat
Perzentil nach korrekt beantworteten Fragen
Ihre Resultats-Entwicklung
Sie haben dieses Quiz seit der letzten Aktualisierung nicht gespielt